Caries Research (Record no. 30251)

MARC details
000 -LEADER
fixed length control field 00168nam a22000977a 4500
003 - CONTROL NUMBER IDENTIFIER
control field SGT
245 ## - TITLE STATEMENT
Title Caries Research
260 ## - PUBLICATION, DISTRIBUTION, ETC. (IMPRINT)
Year of Publication 2009
300 ## - PAGE DESCRIPTION
No. of Pages 504
942 ## - ADDED ENTRY ELEMENTS (KOHA)
Source of classification or shelving scheme Dewey Decimal Classification
Koha item type Back Volumes

No items available.